000 00831cab a22001815a 4500
001 L144493
008 080723s2008 xxkdo f s 000 0 eng d
035 _a(Sirsi) u144493
041 0 _aeng
100 1 _aMayes, Duncan
245 0 0 _aAdapting to change
260 _c2008
490 _aFarmland Market
520 _aArticle looks to the future of rural surveying and makes recommendations for the development of the profession based upon predicted future profitability levels of particular aspects of rural surveying practice. The author has based his comments on a questionnaire sent out to 602 randomly selected rural surveyors (10% of the population), of which 172 were completed; and the suggestions made cover the next ten years.
651 4 _aUnited Kingdom
_y
690 _aMANAGEMENT-BUSINESS MANAGEMENT
942 _n0
999 _c80491
_d80491